000 00632cam a22002293a 4500
001 8999
003 PGUSA
005 20140828083207.0
008 050901s2005||||xxu|||||s|||||000 1 eng d
040 _aPGUSA
_beng
042 _adc
050 4 _aPT
100 1 _aGrillparzer, Franz,
_d1791-1872
245 1 0 _aDas Kloster bei Sendomir
_h[electronic resource] /
_cFranz Grillparzer
260 _bProject Gutenberg,
_c2005
506 _aPublic domain in the USA.
516 _aElectronic text
653 _aPoland -- Fiction
830 0 _aProject Gutenberg
_v8999
856 4 0 _uhttp://www.gutenberg.org/ebooks/8999
942 _cEB
999 _c238283
_d238283